000 00339nam a2200133Ia 4500
008 230627s9999 xx 000 0 und d
020 _a81-7177-096-7
041 _amar
082 _a344.012 578
_bMAL
100 _aMallick M. R
245 _aDomestic Enquiry & Punishment
250 _a3ed.
260 _aCalcutta
_bEastern Law House
_c1988
999 _c684584
_d684584